Planning in London Yearbook 2006 (Record no. 105046)

MARC details
000 -LEADER
fixed length control field 00965cam a2200217 4500
001 - CONTROL NUMBER
control field ##L132166
008 - FIXED-LENGTH DATA ELEMENTS--GENERAL INFORMATION
fixed length control field 060117n2006 000 0 eng u
035 ## - SYSTEM CONTROL NUMBER
System control number (Sirsi) u132166
041 0# - LANGUAGE CODE
Language code of text/sound track or separate title eng
050 04 - LIBRARY OF CONGRESS CALL NUMBER
Classification number 711.409421 $2 18
245 ## - TITLE STATEMENT
Title Planning in London Yearbook 2006
260 ## - PUBLICATION, DISTRIBUTION, ETC.
Place of publication, distribution, etc. Manchester
Name of publisher, distributor, etc. Excel
Date of publication, distribution, etc. 2006
300 ## - PHYSICAL DESCRIPTION
Extent 98p.
Dimensions 30cm.
350 ## - PRICE (NR) (BK AM CF MU VM SE) [OBSOLETE]
Price 25
520 ## - SUMMARY, ETC.
Summary, etc. Features articles on the London Plan, the London Olympic Games, the terrorist threat, the probability of a flooding catastrophe in London, the extension of the congestion charge zone, affordable housing, the Millennium Dome, London waste management problems and the Convoys Wharf development in Deptford. Contains a borough-by-borough guide to planning and development including principal local authority contact details.
590 ## - LOCAL NOTE (RLIN)
Local note IKA170106, KA
650 ## - SUBJECT ADDED ENTRY--TOPICAL TERM
Topical term or geographic name entry element Affordable housing
9 (RLIN) 6215
690 ## - LOCAL SUBJECT ADDED ENTRY--TOPICAL TERM (OCLC, RLIN)
Topical term or geographic name as entry element Planning and development
9 (RLIN) 6259
700 1# - ADDED ENTRY--PERSONAL NAME
Personal name Regan, Martin
Relator term Editor
942 ## - ADDED ENTRY ELEMENTS (KOHA)
Suppress in OPAC 0
Holdings
Withdrawn status Lost status Source of classification or shelving scheme Damaged status Not for loan Home library Current library Shelving location Date acquired Cost, normal purchase price Total Checkouts Full call number Barcode Date last seen Copy number Cost, replacement price Price effective from Koha item type
    Dewey Decimal Classification     London London Folio 17/01/2006 25.00   F711.409421 PLA 30034522 06/08/2019 1 25.00 06/08/2019 Book